Difficult English Irregular Verbs - Statistics

General Stats
  • This quiz has been taken 205 times
  • The average score is 20 of 40
Answer Stats
Base Form Past Simple and Past Participle % Correct
Burst Burst burst
79%
Creep Crept crept
79%
Hang Hung hung
77%
Ring Rang rung
77%
Bear Bore born
75%
Ride Rode ridden
72%
Flee Fled fled
66%
Shake Shook shaken
66%
Lean Leant leant
64%
Shine Shone shone
64%
Grind Ground ground
62%
Show Showed shown
60%
Cling Clung clung
59%
Fling Flung flung
58%
Dwell Dwelt dwelt
55%
Leap Lept lept
52%
Rid Rid rid
51%
Sew Sewed sewn
51%
Slide Slid slid
51%
Spit Spat spat
51%
Sting Stung stung
51%
Tear Tore torn
51%
Shed Shed shed
49%
Mow Mowed mown
46%
Lie Lay lain
43%
Slit Slit slit
42%
Saw Sawed sawn
39%
Wind Wound wound
39%
Slink Slunk slunk
37%
Strike Struck struck
36%
Sow Sowed Sown
34%
Stride Strode stridden
34%
Wring Wrung wrung
34%
Thrust Thrust thrust
33%
Strive Strove Striven
31%
Swell Swelled swollen
30%
Weave Wove woven
29%
Shear Sheared Shorn
26%
Tread Trod trodden
23%
Shoe Shod shod
22%
No matching quizzes found
Score Distribution
Percent of People with Each Score
Percentile by Number Answered
Your Score History
You have not taken this quiz